|
|
|
|
| LEADER |
00869nam a2200253 a 4500 |
| 001 |
27680 |
| 003 |
BD-DhAAL |
| 005 |
20140205162239.0 |
| 008 |
140205s2012 bg ar f0 a0eng d |
| 040 |
|
|
|a BD-DhAAL
|c BD-DhAAL
|
| 082 |
0 |
0 |
|a 354.549200722
|2 22
|
| 999 |
|
|
|c 14164
|d 14164
|
| 999 |
|
|
|c 0
|
| 999 |
|
|
|c 12881
|
| 245 |
0 |
0 |
|a Annual Budget 2013-2014:
|b annual financial statement
|
| 260 |
|
|
|a Dhaka :
|b Ministry of Finance, Finance Division.
|c 2013
|
| 300 |
|
|
|a 20 p. :
|b ill. ;
|c 28 cm.
|
| 515 |
|
|
|a Report based on fiscal year.
|
| 541 |
|
|
|a 27680
|
| 650 |
|
0 |
|a Budget
|z Bangladesh
|9 3808
|
| 710 |
2 |
|
|a Ministry of Finance,Finance Division
|9 3505
|
| 852 |
1 |
|
|a Ayesha Abed Library
|j General shelf
|
| 942 |
|
|
|2 ddc
|c BK
|
| 952 |
|
|
|0 0
|1 0
|2 ddc
|4 0
|6 354_549200722000000_ANN
|7 0
|9 23876
|a BRACUL
|b BRACUL
|c GEN
|d 2014-02-05
|l 0
|o 354.549200722 ANN
|p 3010027680
|r 2014-02-05
|t 1
|w 2014-02-05
|y BK
|